Si Se Da REMIX - Myke Towers, Farruko, Arcángel, Sech, Zion - Estadísticas

Estadísticas generales
  • Esta prueba ha sido intentada 51 veces
  • La puntuación promedio es 598 de 905
Estadísticas de respuestas
Letra % Correcto
da
100%
Da
100%
el
100%
la
100%
La
100%
no
100%
No
100%
o
100%
O
100%
que
100%
Que
100%
si
100%
a
96%
A
96%
ella
96%
Ella
96%
Pero
96%
pero
96%
Se
96%
se
96%
y
96%
Y
96%
yo
96%
Yo
96%
le
91%
lo
91%
Lo
91%
de
87%
De
87%
Dice
87%
en
87%
En
87%
fuma
87%
prendo
87%
un
87%
Un
87%
83%
pa
83%
sin
83%
te
83%
83%
tu
83%
83%
va
83%
las
78%
Las
78%
los
78%
Me
78%
me
78%
una
78%
amiga
74%
amigas
74%
Es
74%
es
74%
piedad
74%
Sabe
74%
sociedad
74%
son
74%
vi
74%
castiga
70%
está
70%
Esta
70%
esta
70%
soledad
70%
ti
70%
viene
70%
como
65%
cómo
65%
con
65%
pasar
65%
cuando
61%
humedad
61%
mío
61%
ver
61%
abajo
57%
al
57%
anda
57%
dar
57%
ere
57%
Eres
57%
eres
57%
Eso
57%
eso
57%
noche
57%
par
57%
por
57%
Por
57%
su
57%
también
57%
andar
52%
beso
52%
ciegas
52%
navegando
52%
Otra
52%
saben
52%
Ya
52%
baby
48%
fantasma
48%
mar
48%
olvida
48%
prende
48%
sentí
48%
soy
48%
tiran
48%
cosa
43%
deja
43%
dejas
43%
del
43%
Llamó
43%
sola
43%
Tiene
43%
tiene
43%
toda
43%
Ven
43%
verme
43%
Voy
43%
voy
43%
apartamento
39%
comía
39%
doy
39%
dura
39%
haze
39%
más
39%
saca
39%
vea
39%
caliente
35%
cama
35%
capaz
35%
concierto
35%
darle
35%
después
35%
dio
35%
discoteca
35%
Dónde
35%
edad
35%
heredar
35%
lado
35%
llegar
35%
luego
35%
mai
35%
mía
35%
momias
35%
parecen
35%
pidas
35%
quieren
35%
siento
35%
Todavía
35%
tus
35%
acento
30%
aproveches
30%
aquí
30%
Aquí
30%
arreglar
30%
billetes
30%
cien
30%
Entonces
30%
envidian
30%
Estamos
30%
Estos
30%
grita
30%
hacía
30%
hay
30%
Instagram
30%
kush
30%
mente
30%
moña
30%
moñas
30%
nos
30%
noto
30%
ocho
30%
olvides
30%
oportunidad
30%
otras
30%
pensarlo
30%
repeat
30%
semana
30%
tener
30%
van
30%
veces
30%
verás
30%
adentro
26%
allá
26%
bailando
26%
bebiendo
26%
bobos
26%
champaña
26%
coñac
26%
cuáles
26%
diciendo
26%
duro
26%
esa
26%
escriba
26%
fantasías
26%
fría
26%
hace
26%
igual
26%
Oye
26%
pide
26%
poquito
26%
Porque
26%
porque
26%
pruébame
26%
quemando
26%
quieres
26%
siempre
26%
tanto
26%
tengo
26%
terminar
26%
tutorial
26%
vacía
26%
vamo
26%
activa
22%
curiosidad
22%
das
22%
dejo
22%
desenmoña
22%
dirás
22%
ellos
22%
Entraba
22%
escribo
22%
estoy
22%
Estoy
22%
gente
22%
hacer
22%
quedo
22%
regrese
22%
vamos
22%
vienes
22%
amor
17%
andamo
17%
así
17%
besa
17%
cante
17%
class
17%
creativa
17%
deje
17%
estar
17%
estrella
17%
first
17%
foto
17%
Frente
17%
fugaz
17%
Hoy
17%
hoy
17%
olvídate
17%
Ponte
17%
Quedamos
17%
sudada
17%
suelta
17%
tweet
17%
alegar
13%
andas
13%
bailarme
13%
cantante
13%
colmo
13%
Dime
13%
espalda
13%
exploto
13%
gustan
13%
Juraba
13%
levante
13%
Loca
13%
maldad
13%
mujer
13%
nena
13%
nota
13%
peliculera
13%
perder
13%
pone
13%
privado
13%
provocante
13%
putísima
13%
quieran
13%
quite
13%
rulay
13%
salvaje
13%
sea
13%
seré
13%
Soltera
13%
tenía
13%
tirando
13%
traje
13%
transforma
13%
vestido
13%
vistió
13%
abusadora
9%
activo
9%
autoridad
9%
brille
9%
cansada
9%
comer
9%
comida
9%
comienza
9%
contigo
9%
Dale
9%
dan
9%
Dile
9%
era
9%
finísima
9%
hable
9%
iMessage
9%
llevo
9%
loco
9%
loto
9%
Mientras
9%
paciencia
9%
prioridad
9%
resistencia
9%
riquísima
9%
ronca
9%
sacaste
9%
solicitada
9%
vanidad
9%
verdad
9%
VIP
9%
Zun
9%
ahora
4%
ando
4%
bajo
4%
besen
4%
chapiar
4%
claro
4%
espacio
4%
estribo
4%
galla
4%
grabando
4%
guayarle
4%
háblame
4%
ir
4%
llamarme
4%
menea
4%
pegó
4%
pego
4%
peso
4%
prudencia
4%
sino
4%
Blue
0%
exijas
0%
pillarla
0%
secuestro
0%
straight
0%
No se encontraron pruebas coincidentes
Distribución de puntuación
Porcentaje de gente con cada puntuación
Porcentaje por número respondido
Historial de tus puntuaciones
No has intentado esta prueba.